| 000 | 00892nam a22002297a 4500 | ||
|---|---|---|---|
| 999 |
_c17797 _d17797 |
||
| 003 | AR-CdUCM | ||
| 008 | 190509b ||||| |||| 00| 0 spa d | ||
| 040 |
_aMUNICIPALIDAD PROVINCIAL DEL CUSCO _cBIBLIOTECA MUNICIPAL DEL CUSCO |
||
| 082 |
_22ed. _a301.32 / _bS84 |
||
| 100 |
_aStycos, J. Mayone _937978 |
||
| 245 | _aFecundidad en la América Latina; perspectivas sociológicas / | ||
| 260 |
_aMéxico, D.F : _bPax-México, _c1970. |
||
| 300 |
_a328 páginas ; _c21 cm. |
||
| 505 | _aContenido: Perspectiva mundial del control de la población -- Actitudes hacia el tamaño de la familia y la planificación familiar -- Aspectos sociales y culturales ... | ||
| 650 |
_aFecundidad humana _937979 |
||
| 650 |
_aAspectos económicos _9261 |
||
| 650 |
_aAspectos sociales _9262 |
||
| 650 |
_aAmérica Latina _91130 |
||
| 650 |
_aPerú _935 |
||
| 942 |
_2ddc _cLIBROS |
||
| 945 |
_aacv _d2019-05-09 |
||